000 00903nam a2200445 a 4500
000 BKB
001 154174
005 20200902161221.0
008 170308 ### HIN
010 _a
020 _a9780199459049
082 _a428.1
_bM31W
100 _aManser, Martin H.
110 _a
245 _a1001 words you need to know and use
_cby Martin H. Manser
250 _a
260 _aNew Delhi
_bOxford University Press
_c2014
300 _a166p.
490 _a
_v
500 _a
600 _a
610 _a
611 _a
630 _a
650 _a
651 _a
654 _a
690 _aEnglish language; Usage; Vocabulary
700 _a
_b
_c
710 _a
_b
_c
711 _a
720 _a
730 _a
740 _a
752 _a
856 _d
_f
904 _a
964 _a
_bENG
_c
_d
_e
_f
_g
965 _a
999 _c16751
_d16751